000 00764nac a22002051u 4500
010 _a72001366
020 _a0070002851
082 0 0 _a621.402202854
_bA2111
090 _c1610
_d1610
100 _aAdams, J. Alan
245 1 0 _aComputer-aided heat transfer analysis
_c[by] J. Alan Adams [and] David F. Rogers.
260 _aNew York,
_bMcGraw-Hill
_c[1973]
300 _axiii, 426 p.
_billus.
_c24 cm.
504 _aIncludes bibliographies.
650 0 _aHeat
_xTransmission
_xData processing.
700 1 _aRogers, David F.,
_d1937-
740 _aHeat transfer analysis.
942 _cBB
_k621.402202854A2111
999 _c1610
_d1610